Traduction de vocabulaire en anglais - Animaux #2 - Statistiques

Statistiques générales
  • Ce quiz a été pris 290 fois
  • Le résultat moyen est 12 sur 15
Statistiques - réponses
Français Anglais % Correct
Loup Wolf
96%
Ours Bear
95%
Serpent Snake
95%
Girafe Giraffe
90%
Canard Duck
89%
Requin Shark
89%
Renard Fox
86%
Tortue Turtle
86%
Grenouille Frog
85%
Aigle Eagle
82%
Ecureil Squirrel
75%
Hippopotame Hippopotamus
64%
Hibou Owl
53%
Cygne Swan
48%
Kangourou Kangaroo
37%
Aucun quiz correspondant
Distribution des résultats
% des personnes avec chaque résultat
Percentile par nombre de réponses
Votre historique - résultats
Vous n’avez pas pris ce quiz